-
SAKARKAR, DR. DINESH. M. AND SUDKE, SURESH. G.
Entry Personal Name
Number of records used in: 1
001 - CONTROL NUMBER
003 - CONTROL NUMBER IDENTIFIER
005 - DATE AND TIME OF LATEST TRANSACTION
- control field:
20190527163610.0
008 - FIXED-LENGTH DATA ELEMENTS
- fixed length control field:
190527|| aca||aabn | a|a d
040 ## - CATALOGING SOURCE
- Original cataloging agency:
OSt
- Transcribing agency:
OSt
100 ## - HEADING--PERSONAL NAME
- Personal name:
SAKARKAR, DR. DINESH. M. AND SUDKE, SURESH. G.
670 ## - SOURCE DATA FOUND
- Source citation:
Work cat.: (OSt): SAKARKAR, DR. DINESH. M. AND SUDKE, SURESH. G., LABORATORY MANUAL OF GENERAL PHARMACOGLOGY